| 000 | 00974nam a22002651u 4500 | ||
|---|---|---|---|
| 001 | 12162 | ||
| 003 | HDC | ||
| 007 | cr bn --- | ||
| 008 | 210209p2006 my eng | ||
| 040 | _aHDC | ||
| 100 |
_aW.Z. Rushida, _eauthor _912586 |
||
| 245 | 0 |
_aEffects of different sizes of planting material on the establishment and precocity of durian / _cby W.Z. Rushidah, Z. Abd. Jamil and M.N. Muhamad Zaki |
|
| 260 |
_aSerdang : _bMalaysian Agricultural Research and Development Institute (MARDI), _c2006 |
||
| 300 | _a1 page | ||
| 336 |
_atext _2rdacontent |
||
| 337 |
_acomputer _2rdamedia |
||
| 338 |
_aonline resource _2rdacarrier |
||
| 650 |
_aDurian _912587 |
||
| 650 |
_aFlowering _912589 |
||
| 650 |
_aTree growth _912588 |
||
| 856 | _zRequest full-text at [email protected] | ||
| 942 | _2lcc | ||
| 942 | _cAR | ||
| 942 | _kJART 003019 | ||
| 999 |
_c9485 _d9485 |
||